الصرف التعليمي في الأفعال المعتلة : دراسة تحليلية تطبيقية قرآنية DC
Saved in:
| Main Author: | |
|---|---|
| Other Authors: | |
| Format: | Thesis |
| Language: | Arabic |
| Published: |
أسيوط، مصر :
جامعة أسيوط، كلية الآداب،
1999
|
| Subjects: | |
| Tags: |
Add Tag
No Tags, Be the first to tag this record!
|
| LEADER | 015540000a22003370004500 | ||
|---|---|---|---|
| 001 | 172507 | ||
| 005 | 20230420084556.0 | ||
| 008 | 990705s1999 ua g 0 0 ara d | ||
| 035 | |a (Sirsi) 172507 | ||
| 040 | |a UIAM |b eng | ||
| 050 | 0 | 0 | |a PJ6172 |
| 100 | 1 | |a فوزى أحمد |9 111400 | |
| 245 | 1 | 2 | |a الصرف التعليمي في الأفعال المعتلة : |b دراسة تحليلية تطبيقية قرآنية DC |c اعداد فوزي DCفوري بن أحمد |
| 246 | 3 | |a al-Sarf al-ta'limi fi al-af'al al-mu'tallah : |b dirasah tahliliyah tatbiqiyah qur'aniyah | |
| 246 | 3 | |a The morphology of weak verbs in teaching of Arabic : |b analytical & applied study with reference to the text of the Coran | |
| 260 | |a أسيوط، مصر : |b جامعة أسيوط، كلية الآداب، |c 1999 | ||
| 300 | |a 606 ص . ؛ |c 30 سم. | ||
| 336 | |2 rdacontent | ||
| 337 | |2 rdamedia | ||
| 338 | |2 rdacarrier | ||
| 502 | |a )دكتوراه(--جامعة أسيوط، كلية الآداب، 1999. | ||
| 504 | |a يحتوي على مراجع ببليوجرافية )ص . 594-606(. | ||
| 630 | 0 | 0 | |a قرآن |x ألفاظ )من ناحية لغوية( |9 111401 |
| 630 | 0 | 0 | |a Qur'an |x Language, style |9 1724 |
| 650 | 0 | |a Arabic language |x Etymology |9 17195 | |
| 650 | 4 | |a لغة عربية |x صرف |9 111402 | |
| 700 | 1 | 0 | |a Fauri @ Fauzi bin Ahmad |9 111403 |
| 900 | |a abu | ||
| 942 | |2 lcc |n 0 | ||
| 999 | |c 431240 |d 462731 | ||
| 952 | |0 0 |6 T PJ 006172 F281S 1999 |7 0 |8 THESES |9 750961 |a IIUM |b IIUM |c MULTIMEDIA |g 0.00 |o t PJ6172F281S 1999 |p 00000601485 |r 2017-10-20 |t 1 |v 0.00 |y THESIS | ||
